Segona Escola d'Estiu de Serveis Socials : el sistema públic de serveis socials : de l'1 al 5 de juliol de 1991 : programa el sistema públic de serveis socials :
Descripción Física:
87 p. ; 21 cm
Materias:
Serveis socials -- Congressos
MARC
| LEADER | 00000nam a2200000Ia 4500 | ||
|---|---|---|---|
| 001 | 9417 | ||
| 003 | BGR | ||
| 005 | 20260324175256.0 | ||
| 008 | 160829s1991 xx 000 0 cat d | ||
| 080 | |a S-1-83 | ||
| 111 | |a Escola d'Estiu de Serveis Socials |9 70778 |c (Barcelona : |d 1991) | ||
| 245 | |a Segona Escola d'Estiu de Serveis Socials : |b el sistema públic de serveis socials : |b de l'1 al 5 de juliol de 1991 : |b programa | ||
| 260 | |a Barcelona : |b Diputació de Barcelona, Àrea de Serveis Socials, |c 1991 | ||
| 300 | |a 87 p. ; |c 21 cm | ||
| 650 | |a Serveis socials |x Congressos |9 24401 | ||
| 710 | |a Barcelona (Catalunya : Província). |b Àrea de Serveis Socials |9 53159 | ||
| 901 | |a Arxiu | ||
| 942 | |n 1 |2 udc |c MON | ||
| 952 | |0 0 |1 0 |4 0 |6 S183 |7 1 |9 43132 |a Arxiu |b Arxiu |d 2016-12-01 |l 0 |o S-1-83 |p 9417 |r 2016-12-01 00:00:00 |w 2016-12-01 |y ARXIU | ||
| 999 | |c 45676 |d 45676 | ||